000 00321nam a2200157Ia 4500
100 _aAradhya/M
650 _aC Programming
942 _cBK
366 _f25
245 _aC programming and data structures
260 _bCengage Learning
_c2017
082 _bARA
300 _a440
546 _aENGLISH
999 _c22392
_d22392